Normal view
MARC view
Entry Personal Name
001 - CONTROL NUMBER
- control field: 1228421
003 - CONTROL NUMBER IDENTIFIER
- control field: OSt
005 - DATE AND TIME OF LATEST TRANSACTION
- control field: 20260324151019.0
008 - FIXED-LENGTH DATA ELEMENTS
- fixed length control field: 260324|| aca||aabn | a|a d
040 ## - CATALOGING SOURCE
- Original cataloging agency: OSt
- Transcribing agency: OSt
100 ## - HEADING--PERSONAL NAME
- Personal name: Madeleine Hope Dods; Ruth Dodds
670 ## - SOURCE DATA FOUND
- Source citation: Work cat.: (OSt)1838834: Madeleine Hope Dods; Ruth Dodds, The Pilgrimage of Grace, 1526-1537, and The Exeter Conspiracy, 1538
